000 00817nam a2200241 i 4500
001 bg
100 1 _aGorzałczany, Marian Bolesław
_d(1955- ).
245 0 0 _aUkłady cyfrowe - metody syntezy.
_nT. 1,
_pElementy. Układy kombinacyjne /
_cMarian B. Gorzałczany.
250 _a[Wyd.3 popr.].
260 _aKielce :
_bDział Wydawnictw PŚ,
_c1994.
300 _a372 s. :
_brys., wykr. ;
_c24 cm.
490 1 _aSkrypty / Politechnika Świętokrzyska,
_x0239-6386 ;
_v253
504 _aBibliogr. s. 372.
650 9 _aUkłady cyfrowe
_xprojekty
650 9 _aUkłady logiczne
_xprojekty
655 _aPodręczniki akademickie
830 0 _aSkrypty (Politechnika Świętokrzyska) ;
_v253
040 _cBPK
041 0 _apl
080 _a681.32.02(075.8)
942 _cKS
008 s pl f |000 0 pol
999 _c6737
_d6737
856 _uhttp://koha.tu.koszalin.pl/cgi-bin/koha/opac-detail.pl?biblionumber=6737
_yKatalog online BPK